[Event "Mundial Fide"]
[Site "?"]
[Date "2007.09.13"]
[Round "?"]
[White "GM_Anand"]
[Black "GM_Gelfand"]
[Result "1/2-1/2"]
[WhiteElo "2792"]
[BlackElo "2733"]
[Annotator "de Dovitiis"]
[PlyCount "44"]
[EventDate "2007.??.??"]

1. e4 e5 2. Nf3 Nf6 3. Nxe5 d6 4. Nf3 Nxe4 5. Nc3 Nxc3 6. dxc3 Be7 7. Be3 Nd7
8. Qd2 Ne5 9. O-O-O O-O {
Las negras pretenden un cambio de estructura de peones favorable a ellas en e5.
} 10. h4 ({RR} 10. Nd4 Bd7 ({RR} 10... a6 11. f4 Ng4 12. Bd3 c5 13. Nf5 c4 14.
Be4 Bxf5 15. Bxf5 Nxe3 16. Qxe3 d5 17. Kb1 Bf6 18. Qc5 Qb8 19. g3 Rd8 20. Rxd5
Rxd5 21. Qxd5 Qc7 22. Be4 Rd8 23. Qf5 Qb6 24. Qxh7+ Kf8 25. Ka1 Qe3 26. a3 g6
27. Bxg6 {1/2-1/2 Van der Wiel,J-Jussupow,A/Sarajevo 1984/MCD (27)}) ({RR} 
10... c5 11. Nb3 Be6 12. f4 Nc4 13. Qf2 Qe8 14. Bxc4 Bxc4 15. Rhe1 a5 16. Kb1
b5 17. f5 a4 18. Nd2 Bd5 19. f6 Bxf6 20. Bxc5 Qc6 21. Bd4 Bxd4 22. Qxd4 Rfe8
23. g3 Rxe1 24. Rxe1 Re8 25. Re3 {
Pereira,J-Quadrio,A/Portugal 1994/EXT 97/0-1 (43)}) 11. f4 Ng4 12. Bd3 Nxe3 13.
Qxe3 Re8 14. Qe4 g6 15. Qxb7 Rb8 16. Qf3 Bf6 17. Bc4 Qc8 18. Rhe1 Rf8 19. h3 c6
20. Nb3 Qc7 21. Bf1 a5 22. a4 Be6 23. Nd4 Bd7 24. g4 Qb6 {
Estevez Morales,G-Hernandez Estevez,Y/Cuba 1993/EXT 97/1-0 (61)}) ({RR} 10. Be2
Ng4 11. Rhe1 Nxe3 12. Qxe3 Bf6 13. h4 Bg4 14. g3 Qd7 15. Qf4 Qf5 16. Qxf5 Bxf5
17. Nd4 Bxd4 18. Rxd4 Rfe8 19. Kd2 Kf8 20. Bd3 Rxe1 21. Kxe1 Bxd3 22. cxd3 Re8+
23. Kd2 {1/2-1/2 Berg,P-Schuster,T/Germany 1989/GER (23)}) 10... Re8 11. h5 Bf6
{El contrajuego por la columna "e" resulta vital para el negro.} 12. Nh2 (12.
Be2) 12... h6 13. Be2 (13. f4 $6 Ng4) 13... Be6 $1 {
Ya las negras tienen juego igualado.} 14. f4 Nc4 15. Bxc4 Bxc4 16. b3 Bb5 17.
Rhg1 Re4 18. Ng4 Qe7 19. Rde1 Re8 20. Bf2 $1 {
Buena decision: anulando el poderio negro en la columna central.} 20... Qd8 21.
Rxe4 Rxe4 22. Re1 Rxe1+ {
La cuestion es pareja y si el negro quiere forzar puede tener inconvenientes.}
(22... Rxe1+ 23. Qxe1 Be7 24. Bd4 $1 {/\ Qg3.}) 1/2-1/2

[Event "Mundial Fide"]
[Site "?"]
[Date "2007.09.14"]
[Round "?"]
[White "GM_Kramnik"]
[Black "GM_Morozevich"]
[Result "1-0"]
[WhiteElo "2769"]
[BlackElo "2758"]
[Annotator "de Dovitiis"]
[PlyCount "53"]
[EventDate "2007.??.??"]

1. Nf3 Nf6 2. c4 e6 3. g3 d5 4. d4 dxc4 5. Bg2 a6 {
Un sendero peligroso, fiel al estilo de las negras.} 6. Ne5 Bb4+ ({RR} 6... c5
7. Na3 ({RR} 7. Be3 cxd4 8. Bxd4 Bb4+ 9. Nc3 O-O 10. a3 Be7 11. Nxc4 Nbd7 12.
O-O Qc7 13. Qb3 Rb8 14. Ba7 Ra8 15. Be3 Rb8 16. Rac1 b5 17. Nd2 Bb7 18. Nd5 Qd8
19. Nxe7+ Qxe7 20. Bxb7 Rxb7 21. Nf3 Rd8 {
Benkovic,P-Pilgaard,K/Subotica 2003/CBM 095/1/2-1/2 (67)}) 7... Qxd4 8. Qxd4
cxd4 9. Naxc4 Nbd7 10. O-O Nxe5 11. Nxe5 Bd6 12. Nc4 Bc7 13. Bf4 Bxf4 14. gxf4
Rb8 15. Rfd1 Ke7 16. Rxd4 Bd7 17. Nd6 Nd5 18. Bxd5 exd5 19. Rxd5 Be6 20. Rd4
Rhd8 21. Rad1 {Karpov,A-Van Wely,L/Monte Carlo 2001/CBM 081 ext/1/2-1/2 (54)})
7. Nc3 Nd5 8. O-O {Una entrega tematica, por adelante en el desarrollo.} ({RR} 
8. Qc2 b5 9. O-O Bb7 10. e4 Nxc3 11. bxc3 Be7 12. f4 O-O 13. f5 Nd7 14. Ng4 Bg5
15. Bh3 Bxc1 16. Raxc1 exf5 17. Rxf5 Qe7 18. e5 g6 19. Nf6+ Kh8 20. Qd2 Rfd8
21. Rf2 Nf8 22. Qh6 a5 23. Rf4 Rd6 24. Rcf1 Rxf6 25. Rxf6 Bd5 26. e6 Ra7 27.
Rxf7 Nxe6 28. Qxh7# {1-0 Romsdal,T-Hoejgaard,S/Tromsoe 1997/EXT 2001 (28)}) ({
RR} 8. Bd2 b5 ({RR} 8... Nb6 9. e3 N8d7 10. Nxd7 Qxd7 11. Ne4 Bxd2+ 12. Nxd2
O-O 13. Qc2 e5 14. dxe5 Rd8 15. O-O-O Qb5 16. Nxc4 Bf5 17. Qxf5 Nxc4 18. Qc2
Nxe5 19. Kb1 c5 20. Rd5 Rxd5 21. Bxd5 g6 22. Qc3 {
1/2-1/2 Bandza,A-Kaidanov,G/Torcy 1991/TD (22)}) 9. O-O Bxc3 10. bxc3 O-O 11.
a4 f6 12. Ng4 c6 13. e4 Nb6 14. a5 Na4 15. Qc2 c5 16. e5 Ra7 17. exf6 cxd4 18.
cxd4 gxf6 19. Bb4 Re8 20. Rad1 Rg7 21. Nh6+ Kh8 22. d5 e5 {
Kuzmin,G-Sveshnikov,E/Riga 1987/EXT 99/1/2-1/2 (57)}) 8... O-O {
Las negras considero que debian aceptar el reto.} (8... Nxc3 9. bxc3 Bxc3 10.
Rb1 (10. Ba3 $5) 10... Qxd4 11. Qa4+ c6 12. Bf4) 9. Qc2 b5 10. Nxd5 exd5 11. b3
c6 12. e4 f6 13. exd5 $1 {La iniciativa manda a no retroceder.} 13... fxe5 14.
bxc4 exd4 15. dxc6 Be6 16. cxb5 d3 $2 (16... Ra7 17. Rb1 d3 18. Qd1 (18. Qa4
Bc5 19. Be3 Bb6) 18... Bc5) 17. c7 $1 {La intermedia fatal.} 17... Qd4 (17...
dxc2 18. cxd8=Q Rxd8 19. Bxa8 Bc3 20. Bg5 $16) 18. Qa4 Nd7 19. Be3 Qd6 20. Bxa8
Rxa8 21. Bf4 $6 (21. Qxa6 {parecia la movida mas fuerte.} 21... Qxa6 (21...
Rxa6 22. c8=Q+) 22. bxa6 Bd6 23. Rac1 Ne5 24. Rfd1) 21... Qf8 $2 {
Yerro bajo severo apuro de tiempo.} (21... Qd5 22. Rac1 (22. Qxb4 Qf3 $1 {
/\ Bd5.}) 22... Bc5 23. Qxa6 Nb6 24. Rxc5 Qxc5 25. Be3 Qxc7 26. Bxb6 Qc6 $1 (
26... Qb8 27. Ba7 $1) 27. bxc6 Rxa6 28. Rb1 d2 29. Be3 Rxc6 30. a4 Bb3 $1 $14)
22. b6 $18 Ne5 (22... Nxb6 23. Qc6) 23. Bxe5 Qf3 24. Qd1 Qe4 25. b7 Rf8 26.
c8=Q Bd5 27. f3 {Gran victoria de Kramnik mas alla de haber confesado que
mucho lo tenia preparado de su casa. Una partida emocionante.} 1-0

[Event "Mundial Fide"]
[Site "?"]
[Date "2007.09.15"]
[Round "?"]
[White "GM_Anand"]
[Black "GM_Kramnik"]
[Result "1/2-1/2"]
[WhiteElo "2792"]
[BlackElo "2769"]
[Annotator "de Dovitiis"]
[PlyCount "130"]
[EventDate "2007.??.??"]

1. e4 e5 2. Nf3 Nf6 {
Kramnik, como Gelfand, recurre a la solida Petroff frente a Anand.} 3. Nxe5 d6
4. Nf3 Nxe4 5. d4 {Vishy no repite 5 Nc3.} 5... d5 6. Bd3 Nc6 7. O-O Be7 8. c4
Nb4 9. Be2 O-O 10. Nc3 Bf5 11. a3 Nxc3 12. bxc3 Nc6 13. Re1 ({RR} 13. Bf4 dxc4
14. Bxc4 Bd6 15. Bg5 Qd7 16. Nh4 Na5 17. Ba2 Bg4 18. Qd3 Rfe8 19. f3 Be6 20. d5
Bc5+ 21. Kh1 Bxd5 22. Rad1 c6 23. c4 h6 24. Bc1 Qd8 25. cxd5 Qxh4 26. d6 Rad8
27. Qf5 Bxd6 {1-0 Gavrilakis,N-Orfanos,L/Athens 1994/EXT 2003 (27)}) 13... Re8
({RR} 13... dxc4 14. Bxc4 Bd6 15. Bg5 Qd7 16. Nh4 Na5 17. Ba2 Bg4 18. Qc2 Rae8
19. h3 Be6 20. c4 Be7 21. Bxe7 Qxe7 22. Nf3 {
1/2-1/2 Ljubojevic,L-Jussupow,A/Barcelona 1989/CBM 012 (22)}) ({RR} 13... Bf6
14. Bf4 Rc8 15. Qa4 a6 16. Qb3 Na5 17. Qb4 c5 18. dxc5 Nc6 19. Qb3 Na5 20. Qb4
Nc6 21. Qb3 Na5 22. Qb4 {
1/2-1/2 Ljubojevic,L-Jussupow,A/Belgrade 1989/CBM 016 (22)}) 14. cxd5 Qxd5 15.
Bf4 Rac8 16. Qa4 Bd7 17. Qc2 Qf5 $1 {Las negras van obteniendo un buen juego.}
18. Qxf5 Bxf5 19. Bb5 Bd7 20. d5 (20. Rab1) 20... Ne5 21. Bxd7 Nxd7 22. Bxc7 $6
(22. c4 Nc5 $15) 22... Rxc7 23. d6 Rxc3 24. dxe7 (24. Rxe7) 24... f6 25. Rad1
Rc7 26. Nd4 Ne5 27. f4 Nc6 28. Nxc6 (28. Nf5 Nxe7 29. Re3 g6) 28... bxc6 29.
Rd6 c5 30. Ree6 c4 31. Rc6 {Las blancas buscan ahora la igualdad.} 31... Rexe7
32. Rxc4 (32. Rxe7 Rxc6 33. Rxa7 c3 $19) 32... Rxc4 33. Rxe7 Ra4 34. Rb7 h6 35.
f5 $1 (35. Rb3 Rxf4) 35... Rxa3 36. Kf2 h5 37. g3 a5 38. Ra7 a4 39. h4 Ra2+ 40.
Kf3 {La torre detras del peon ofrece las chances de empate.} 40... a3 41. Ke3
Ra1 42. Kf2 {Las blancas deben estar alertas a a2 y Rh1.} 42... Kf8 43. Kg2 a2
{El rey blanco queda confinado pero la torre negra no tiene movidas sin perder
su joya, el peon a2.} 44. Kh2 Ke8 45. Kg2 Kd8 46. Kh2 Kc8 47. Kg2 Kb8 48. Ra3
Kb7 49. Ra4 Kb6 50. Ra8 Kc5 51. Ra7 Kd5 52. Ra4 Ke5 53. Ra5+ Ke4 54. Kh2 {
Las blancas esperan.} 54... Kf3 {/\ Rf1.} 55. Ra3+ (55. Ra7 $2 Re1 56. Ra3+ Re3
57. Rxa2 Re2+ 58. Rxe2 Kxe2 59. Kg2 Ke3 60. g4 Kf4 $19) 55... Kf2 56. Ra4 Kf1
57. Kh1 $1 {Sale de la entrega con Re1.} 57... Ke1 58. Kg2 Kd1 59. Ra7 Rc1 60.
Rxa2 Rc2+ 61. Rxc2 Kxc2 62. Kf3 Kd3 63. g4 hxg4+ 64. Kxg4 Ke4 65. Kh5 $1 {
Una maniobra de ahogado famosa.} 65... Kxf5 {
Una partida linda, donde Kramnik tuvo las mejores oportunidades.} 1/2-1/2

[Event "WCh"]
[Site "Mexico City MEX"]
[Date "2007.09.18"]
[Round "5"]
[White "Anand, V."]
[Black "Svidler, P."]
[Result "1-0"]
[WhiteElo "2792"]
[BlackElo "2735"]
[Annotator "de Dovitiis"]
[PlyCount "77"]
[EventDate "2007.09.13"]

1. e4 e5 2. Nf3 Nc6 3. Bb5 a6 4. Ba4 Nf6 5. O-O Be7 6. Re1 b5 7. Bb3 O-O 8. c3
d5 {Curiosamente estos dos jugadores son los unicos de los top ten que suelen
con blancas enfrentarse al gambito Marshall.} 9. exd5 Nxd5 10. Nxe5 Nxe5 11.
Rxe5 c6 12. Re1 {Una jugada elastica, que no define el peon dama.} (12. d4) (
12. d3) 12... Bd6 13. g3 {Impide Qh4.} 13... Bf5 (13... Qd7 14. d3 Qh3 15. Re4
Nf6 16. Rh4 Qf5 17. Bf4 $5) 14. d4 Qd7 15. Be3 Rae8 16. Nd2 Bg4 17. Qc2 Bf5 18.
Qc1 {Anand elude las tablas con Qd1.} 18... Re7 ({RR} 18... h5 19. Nf3 Bg4 20.
Nh4 Re6 21. Bd1 f5 22. Bxg4 hxg4 23. Bg5 f4 24. Qd2 Rfe8 25. Rxe6 Qxe6 26. gxf4
Qe2 27. f5 Qe4 28. Rf1 Bf4 29. Bxf4 Nxf4 30. f3 gxf3 31. Nxf3 Rf8 32. Qe1 Qxf5
33. Kh1 Qh3 34. Qf2 Nh5 35. Kg1 Rf4 36. Qe3 Qg4+ 37. Kh1 Ng3+ 38. hxg3 Qh3+ 39.
Kg1 ({RR} 39. Kg1 Qxg3+ 40. Kh1 Rh4+ 41. Nxh4 Qxe3 42. Ng2 Qe2 43. Rf5 Qxb2 44.
Rc5 Qxa2 45. Rxc6 a5 {
0-1 Leko,P-Anand,V/Cap d'Agde (rapid) 2003/Informador 89/[Anand,V ] (45)})
39... Qxg3+ 40. Kh1 Rh4+ 41. Nxh4 Qxe3 42. Ng2 Qe2 43. Rf5 Qxb2 44. Rc5 Qxa2
45. Rxc6 a5 {0-1 Leko,P-Anand,V/Cap d'Agde 2003/CBM 098/[Atlas,V] (45)}) 19.
Nf3 $146 ({RR} 19. Nf1 Rfe8 20. Qd2 Bh3 21. Bc2 Bxf1 22. Rxf1 Nxe3 23. fxe3
Rxe3 24. Bb3 R3e7 25. Rae1 {
1/2-1/2 Almasi,Z-Gyimesi,Z/Kazincbarcika 2005/CBM 107 (25)}) 19... Bg4 20. Nh4
Rfe8 21. Qd2 h6 22. Qd3 g6 23. Bd1 $1 {Jugada clave: eliminar o restringir al
alfil de casillas blancas del negro es fundamental para aliviar la iniciativa
negra.} 23... Bh3 24. Bf3 g5 25. Ng2 Bf5 26. Qd1 Nf6 27. a4 $1 {
Ahora, con la apertura de la columna "a" van a consolidar su peon de ventaja.}
27... Ne4 28. axb5 axb5 29. Ra6 Qb7 30. Qa1 $1 Bc8 31. Ra8 Bb8 32. Bc1 Nf6 33.
Rxe7 Rxe7 34. Qa3 $16 {
Las negras han retrocedido y ya no tienen compensacion por el peon entregado.}
34... Rd7 35. Ra5 Ba7 36. Ne3 Qc7 $2 (36... Rc7) 37. Nf5 $18 c5 (37... Kh7 38.
Qf8 $1) 38. Nxh6+ Kh7 39. Bxg5 {Una soberbia labor posicional de Vishy Anand.}
1-0

[Event "WCh"]
[Site "Mexico City MEX"]
[Date "2007.09.18"]
[Round "5"]
[White "Gelfand, B."]
[Black "Aronian, L."]
[Result "1-0"]
[WhiteElo "2733"]
[BlackElo "2750"]
[Annotator "de Dovitiis"]
[PlyCount "95"]
[EventDate "2007.09.13"]

1. d4 Nf6 2. c4 e6 3. g3 c5 {
El armenio elude los caminos de la apertura Catalana.} 4. d5 exd5 5. cxd5 b5 6.
Nf3 $146 {Raro que esta movida no se halla empleado antes.} ({RR} 6. Bg2 d6 7.
Nh3 ({RR} 7. b4 Nbd7 8. bxc5 dxc5 9. Nh3 Bd6 10. Bf4 Nb6 11. O-O O-O 12. Bxd6
Qxd6 13. Nf4 Re8 14. a3 Bd7 15. h4 h6 16. Nd2 g5 17. hxg5 hxg5 18. Nh3 Bxh3 19.
Bxh3 Nbxd5 20. Rc1 Rad8 21. Bg2 c4 22. a4 a6 23. axb5 axb5 24. Nf3 Ne4 25. e3
Ndc3 26. Qe1 Qd3 27. Nd4 Rxd4 28. exd4 Ne2+ 29. Kh2 Nd2 {0-1 Kasimdzhanov,
R-Kasparov,G/Batumi (rapid) 83/(54) 2001/Informador 83/[Shipov,S] (29)}) ({RR} 
7. e4 Qe7 8. Qe2 Nbd7 9. f4 Bb7 10. a4 b4 11. Nd2 O-O-O 12. Kd1 Re8 13. Bf3 c4
14. Qxc4+ Nc5 15. Nh3 Ba6 16. Qxb4 Nxd5 17. Qd4 Nf6 18. Nf2 d5 19. e5 Nfe4 20.
Be2 Bb7 21. Ke1 Qc7 {Loetscher,R-Bromberger,S/Zug 2003/CBM 096 ext/0-1 (36)})
7... g6 8. O-O Bg7 9. f4 Bxh3 10. Bxh3 O-O 11. a4 b4 12. Qd3 Re8 13. Nd2 a5 14.
Bg2 Nbd7 15. h3 Nb6 16. Ra2 b3 17. Ra3 Nfxd5 18. Nc4 Nb4 19. Qxb3 d5 20. Nxb6
Qxb6 21. Qf3 c4+ 22. Kh1 Nc2 23. f5 Nxa3 24. fxg6 Qxg6 25. Qxa3 Rad8 26. Bf4
Rxe2 27. Qc5 Rxg2 28. Kxg2 Qe4+ 29. Kh2 Bd4 {
0-1 Govciyan,P-Gorbatow,A/Nice 2005/CBM 107 ext (29)}) ({RR} 6. a4 Bb7 7. Bg2
bxa4 8. Nc3 d6 9. Nf3 Nbd7 10. O-O Be7 11. Re1 O-O 12. e4 Nb6 13. Nxa4 Nxa4 14.
Rxa4 Nd7 15. Bd2 Nb6 16. Ba5 Qb8 17. Ra2 Bf6 18. b4 Bc3 19. Re3 Bxb4 20. Bxb4
cxb4 {Eales,R-Botterill,G/Coventry 1970/EXT 99/1/2-1/2 (62)}) 6... d6 7. e4 a6
(7... Nxe4 8. Bxb5+ Bd7 9. Bxd7+ Nxd7 10. Qe2 Qe7 11. O-O $14) 8. a4 $1 b4 9.
Bd3 g6 10. Nbd2 Bg7 11. Nc4 O-O 12. Bf4 Ne8 13. a5 $14 Bh3 14. Ng5 Bd7 (14...
Bg2 15. Rg1 h6 16. Nxf7 $16) 15. O-O Bb5 16. Qd2 h6 17. Nf3 g5 $6 18. Be3 Bxc4
19. Bxc4 Qf6 20. Qd1 Nd7 $2 (20... Qxb2 $142 21. e5 $1 Qc3 22. Rc1 Qa3 23. exd6
Nd7 $13) 21. Rb1 Qe7 22. Nd2 Nef6 23. Re1 Rfe8 (23... Nxe4 24. Nxe4 Qxe4 25.
Bd3 Qe8 26. Bxg5 $16) 24. f3 Qd8 25. Ra1 g4 26. fxg4 Ne5 {
Las negras basan todo en el dominio de las casillas negras.} 27. Be2 Qd7 28. g5
Nfg4 29. Bf4 hxg5 30. Bxg5 f5 {Aronian se la juega.} 31. Rf1 Rf8 32. exf5 Rxf5
33. Bf4 (33. Bxg4 Nxg4 34. Qxg4 $4 Rxf1+ 35. Rxf1 Qxg4 $19) 33... Nf6 34. g4 $1
$16 Rxf4 35. Rxf4 Nf7 (35... Nxd5 36. Qb3 Qe6 37. Re4) 36. Nc4 Re8 37. Qd3 Qe7
38. Bf3 {Las blancas controlan todas las entradas del negro.} 38... Ne5 39.
Nxe5 Qxe5 40. Rf5 Qxb2 41. Rf1 b3 {La ultima carta.} (41... Ne4 42. Bxe4 Qd4+
43. Qxd4 Bxd4+ 44. Kg2 Rxe4 45. Rg5+) 42. Kh1 Nd7 43. Bd1 c4 44. Qxc4 Nc5 45.
Qf4 Ne4 46. Rf7 {Las blancas proyectan Bxb3 y Rxg7+.} 46... Bf6 47. Rb7 Qd2 (
47... Nc5 48. Qf5 $1 Nxb7 49. Qg6+ Bg7 50. Qxe8+ Kh7 51. Qh5+ Kg8 52. Qf7+ Kh8
53. Qxb7 $18) 48. Qxd2 (48. Qxd2 Nxd2 49. Rxf6 Re1+ 50. Kg2 Rxd1 51. Rxd6 $18 {
Excelente victoria del escolta del torneo.}) 1-0

[Event "Mundial FIDE"]
[Site "?"]
[Date "2007.09.21"]
[Round "?"]
[White "GM_Gelfand"]
[Black "GM_Anand"]
[Result "1/2-1/2"]
[WhiteElo "2733"]
[BlackElo "2792"]
[Annotator "de Dovitiis"]
[PlyCount "39"]
[EventDate "2007.??.??"]

1. d4 Nf6 2. c4 e6 3. g3 d5 4. Bg2 Be7 5. Nf3 O-O 6. O-O dxc4 {
Anand escoge una linea solida contra la Catalana.} 7. Qc2 a6 8. Qxc4 b5 9. Qc2
Bb7 10. Bd2 Bd6 ({RR} 10... Be4 11. Qc1 Bb7 ({RR} 11... Nbd7 12. Ba5 Ra7 13.
Nbd2 Bd5 14. Re1 Ne4 15. Nxe4 Bxe4 16. Qe3 Qa8 17. Rac1 Rc8 18. Ne5 Bxg2 19.
Nxd7 Bd5 20. Nc5 Rd8 21. b3 Bf6 22. Red1 Qc8 23. f3 Ba8 24. d5 exd5 25. Nd7 Bb2
26. Qxa7 Bxc1 27. Nf6+ gxf6 28. Rxc1 Qe6 29. Bxc7 Re8 30. Rc2 Rc8 31. Qd4 Qd7
32. Qf4 d4 33. Rc5 Qe6 34. Qxd4 Qxe2 35. Qg4+ {
1-0 Sprenger,J-Kipper,J/Bad Zwesten 2003/CBM 092 ext (35)}) 12. Be3 Nd5 13. Nc3
Nd7 14. Rd1 Rc8 15. Nxd5 Bxd5 16. Ne1 c6 17. Nd3 Qb6 18. Qc3 b4 19. Qd2 a5 20.
Rdc1 {1/2-1/2 Kasparov,G-Karpov,A/Moscow 1984/MainBase (20)}) 11. Rd1 $146 {
Una jugada nueva pero interesante, reforzando el centro del tablero.} ({RR} 11.
Bg5 Nbd7 12. Rd1 Qb8 13. Bxf6 Nxf6 14. Nbd2 Rc8 15. Ng5 Bxg2 16. Kxg2 Qb7+ 17.
Kg1 c5 18. Nde4 Nxe4 19. Nxe4 Qb6 20. d5 exd5 21. Rxd5 Be7 22. Rad1 Qe6 23. a4
h6 24. e3 bxa4 25. Qxa4 Rab8 26. Qc2 Rb4 27. Nd6 Bxd6 28. Rxd6 Qe4 29. Qxe4
Rxe4 30. Rxa6 Rb4 31. Ra7 Rxb2 32. Rdd7 Rf8 33. Rac7 Rc2 34. Rd5 g6 35. g4 c4
36. Rdc5 Re8 37. Rxc4 Rxc4 38. Rxc4 Re5 39. h4 Kg7 40. Kg2 Kf6 41. Kg3 Ra5 42.
Rc6+ Kg7 43. Rd6 g5 44. Rd4 Rb5 45. f3 Rb3 {
Speelman,J-Browne,W/Wijk aan Zee 1983/MCD/1/2-1/2 (63)}) 11... Nbd7 12. Ba5 Qb8
$1 {Saliendo de las presion} 13. b4 $5 {
Prohibe c5 pero puede quedar mal el Ba5.} 13... e5 14. Nbd2 exd4 15. Nxd4 Bxg2
16. Kxg2 c5 {llega la liberacion aunque recobra vida el alfil dama blanco.} 17.
bxc5 Bxc5 18. N2b3 Ba3 19. e4 Ne5 20. Nf5 {Partida prolija, el blanco se halla
un poco mejor pero solo con media hora para 20 movidas contra 83 minutos de su
rival.} 1/2-1/2

[Event "Mundial FIDE"]
[Site "?"]
[Date "2007.09.23"]
[Round "?"]
[White "GM_Anand"]
[Black "GM_Aronian"]
[Result "1/2-1/2"]
[WhiteElo "2792"]
[BlackElo "2750"]
[Annotator "de Dovitiis"]
[PlyCount "41"]
[EventDate "2007.??.??"]

1. e4 e5 2. Nf3 Nc6 3. Bb5 a6 4. Ba4 Nf6 5. O-O Be7 6. Re1 b5 7. Bb3 O-O 8. c3
d5 9. exd5 Nxd5 10. Nxe5 Nxe5 11. Rxe5 c6 12. d4 Bd6 13. Re2 {Otro esquema,
diferente al usado exitosamente con Svidler rondas pasadas que era con Te1 y
g3 sin tocar al peon dama aun.} 13... Bg4 14. f3 Bf5 ({RR} 14... Bh5 15. Bxd5
cxd5 16. Nd2 f5 17. Qb3 Bf7 18. Nf1 f4 19. Bd2 Qd7 20. Rae1 a5 21. a3 a4 22.
Qd1 Bg6 23. Bc1 Rf7 24. h3 Bf5 25. Nh2 h5 26. Rf2 Raf8 27. Nf1 Rf6 28. Nh2 Kh8
29. b3 {Kamsky,G-Ivanchuk,V/Linares 1991/CBM 022/[Anand]/0-1 (53)}) ({RR} 14...
Bd7 15. g3 Qf6 16. Nd2 Bc7 17. Qf1 Rae8 18. Rxe8 Rxe8 19. Ne4 Qg6 20. Bd2 Bf5
21. Nc5 Bxg3 22. hxg3 Qxg3+ 23. Qg2 Qxg2+ 24. Kxg2 Re2+ 25. Kg3 Rxd2 26. Re1 f6
27. Nxa6 g5 28. Rh1 Kg7 29. Rh2 Rxh2 30. Kxh2 Ne3 31. Nb8 h5 32. Nxc6 h4 33. d5
h3 34. Nd4 Bd7 35. d6 Nf1+ 36. Kh1 Ng3+ 37. Kg1 f5 38. Be6 Ne2+ 39. Kh2 Nxd4
40. Bxd7 Nxf3+ 41. Kxh3 Nh4 42. Bxf5 {
1-0 Konson,K-Weiler,W/Germany 2004/EXT 2006 (42)}) 15. g3 Qc7 16. Kf2 Qd7 $146
{Las negras buscan fortalecerse por los cuadros claros.} ({RR} 16... h5 17. Nd2
Nf6 18. Nf1 Bh3 19. Bg5 Nd5 20. Qd3 Qd7 21. Rae1 Bxf1 22. Rxf1 Qh3 23. Kg1 h4
24. Bxd5 hxg3 25. hxg3 cxd5 26. Rh2 Qxg3+ 27. Rg2 {
1-0 Mokry-Panczyk/Breitenbrunn tt 1984 (27)}) (16... Rae8 $5) 17. Bxd5 cxd5 18.
Nd2 {
El blanco se pone solido aunque no alcanza mas que para conseguir la igualdad.}
18... Bd3 19. Re3 Bg6 20. Nf1 a5 21. a3 {
Posicion pareja, valioso empate de Anand a la luz de lo sucedido en la ronda.}
1/2-1/2

[Event "Mundial FIDE"]
[Site "?"]
[Date "2007.09.23"]
[Round "?"]
[White "GM_Morozevich"]
[Black "GM_Kramnik"]
[Result "1-0"]
[WhiteElo "2758"]
[BlackElo "2769"]
[Annotator "de Dovitiis"]
[PlyCount "95"]
[EventDate "2007.??.??"]

1. c4 c5 2. Nc3 g6 3. e3 Bg7 4. d4 Nf6 5. d5 O-O 6. Nf3 e6 7. Be2 exd5 8. cxd5
d6 9. O-O Bg4 $146 {Para sacarse el alfil problematico de encima.} ({RR} 9...
Na6 10. Qb3 ({RR} 10. a4 Nc7 11. Re1 Re8 12. Bd3 a6 13. e4 Bg4 14. h3 Bxf3 15.
gxf3 Qd7 16. Kh2 b5 17. f4 c4 18. Bb1 b4 19. Na2 a5 20. f3 Nh5 21. Re2 Na6 22.
Be3 Nc5 23. Nc1 Rac8 24. Rg2 Qd8 25. Qe1 c3 26. Nd3 Nxd3 27. Bxd3 cxb2 28. Rb1
Qf6 29. Rgxb2 Bh6 30. f5 Qe5+ 31. Kg1 Bxe3+ 32. Qxe3 Rc3 {
0-1 Aronin,L-Gipslis,A/Moscow 1966/MCD (32)}) 10... Nc7 11. a4 Rb8 12. Rd1 Bg4
13. Bd2 a6 14. a5 Nd7 15. h3 Bxf3 16. Bxf3 f5 17. Na4 Ne8 18. Be2 Nef6 19. Bd3
Qe7 20. Nb6 Nxb6 21. Qxb6 Kh8 22. Qb3 Ne4 23. Bxe4 fxe4 24. Bc3 {
Ervin,R-Silman,J/Lone Pine 1975/MCD/1-0 (77)}) ({RR} 9... a6 10. a4 Bg4 11. Qb3
Qc7 12. Re1 Nbd7 13. a5 Rac8 14. Ra4 Rfe8 15. Bd2 Re7 16. Rc1 Rce8 17. h3 Bf5
18. Nh4 Be4 19. Be1 Re5 20. Rd1 Nf8 21. Nf3 R5e7 22. Nd2 Bf5 23. Nc4 Ne4 24.
Nxe4 {Chukaev,E-Korsunsky,R/Riga 1975/MCD/1-0 (62)}) 10. h3 Bxf3 11. Bxf3 Nbd7
12. a4 a6 13. g4 c4 14. Be2 Rc8 (14... Qc7 {Luce mejor.}) 15. g5 Ne8 16. f4 Qe7
17. Ra3 Rc5 18. Bf3 Ra5 $2 (18... b5) 19. Bd2 Nc5 20. Qe2 Nb3 21. Ne4 $1 Nxd2 (
21... Rxd5 22. Nf6+ Bxf6 23. Bxd5 Bxb2 {era prerible.}) 22. Qxd2 Qd8 23. Qb4 b5
24. axb5 Rxb5 25. Qxc4 Qb6 26. Qc6 Bxb2 27. Qxb6 Rxb6 28. Ra2 Bg7 $2 (28... f5)
29. Rc1 $1 h6 30. h4 hxg5 31. hxg5 f6 32. Rc6 Rxc6 33. dxc6 fxg5 34. Nxg5 Nc7
35. Rd2 {Nada por hacer para el negro.} 35... Rd8 36. Bg4 Bc3 37. Rd3 Ba5 38.
Kg2 d5 39. e4 d4 40. e5 Bb6 41. Rb3 Rb8 42. Rh3 Ba5 43. Rh6 Rb2+ 44. Kg3 Be1+
45. Kf3 d3 46. Rxg6+ Kf8 47. Rd6 d2 48. Ke4 {
Brillante victoria de Moro ante el campeon mundial.} 1-0